| 000 | 00725nam a22002177a 4500 | ||
|---|---|---|---|
| 999 |
_c10449 _d10449 |
||
| 003 | AR-CdUCM | ||
| 008 | 190401b ||||| |||| 00| 0 spa d | ||
| 040 |
_aMUNICIPALIDAD PROVINCIAL DEL CUSCO _cBIBLIOTECA MUNICIPAL DEL CUSCO |
||
| 082 |
_22ed. _aEP / 030 / _bV46 |
||
| 100 |
_aVera Gonzales, A _927312 |
||
| 245 | _aMi afición al mar / | ||
| 260 |
_aMadrid : _bSantillana, _c1963. |
||
| 300 |
_a115 páginas ; _bimágenes. _c21 cm. |
||
| 440 |
_aEnciclopedia de las aficiones. _927268 |
||
| 505 | _aContenido: Mar y barcos -- Meteorología -- La clasificación -- navegación y maniobra... | ||
| 650 |
_aNavegación. _927313 |
||
| 650 |
_aMar. _9935 |
||
| 650 |
_aBarcos. _927314 |
||
| 942 |
_2ddc _cLIBROS |
||
| 945 | _awfj | ||